000 00270nam a2200109Ia 4500
008 190914s9999||||xx |||||||||||||| ||und||
100 _aRavi Kalakota
245 0 _aReadings In Electronic Commerce
260 _aNew Delhi
_bBantam Books
_c2000
300 _a632
942 _cBK
999 _c9239
_d9239